<?xml version="1.0" encoding="UTF-8"?><?xml-stylesheet type="text/xsl" href="static/style.xsl"?><OAI-PMH xmlns="http://www.openarchives.org/OAI/2.0/" xmlns:xsi="http://www.w3.org/2001/XMLSchema-instance" xsi:schemaLocation="http://www.openarchives.org/OAI/2.0/ http://www.openarchives.org/OAI/2.0/OAI-PMH.xsd"><responseDate>2026-04-17T03:47:27Z</responseDate><request verb="GetRecord" identifier="oai:www.recercat.cat:11351/12741" metadataPrefix="marc">https://recercat.cat/oai/request</request><GetRecord><record><header><identifier>oai:recercat.cat:11351/12741</identifier><datestamp>2025-10-24T10:29:13Z</datestamp><setSpec>com_2072_378070</setSpec><setSpec>com_2072_378040</setSpec><setSpec>col_2072_378092</setSpec></header><metadata><record xmlns="http://www.loc.gov/MARC21/slim" xmlns:dcterms="http://purl.org/dc/terms/" xmlns:xsi="http://www.w3.org/2001/XMLSchema-instance" xmlns:doc="http://www.lyncode.com/xoai" xsi:schemaLocation="http://www.loc.gov/MARC21/slim http://www.loc.gov/standards/marcxml/schema/MARC21slim.xsd">
   <leader>00925njm 22002777a 4500</leader>
   <datafield ind2=" " ind1=" " tag="042">
      <subfield code="a">dc</subfield>
   </datafield>
   <datafield ind2=" " ind1=" " tag="720">
      <subfield code="a">Dinh, Aurélien</subfield>
      <subfield code="e">author</subfield>
   </datafield>
   <datafield ind2=" " ind1=" " tag="720">
      <subfield code="a">McNally, Martin</subfield>
      <subfield code="e">author</subfield>
   </datafield>
   <datafield ind2=" " ind1=" " tag="720">
      <subfield code="a">D’Anglejan, Emma</subfield>
      <subfield code="e">author</subfield>
   </datafield>
   <datafield ind2=" " ind1=" " tag="720">
      <subfield code="a">Mamona Kilu, Christel</subfield>
      <subfield code="e">author</subfield>
   </datafield>
   <datafield ind2=" " ind1=" " tag="720">
      <subfield code="a">LOURTET HASCOET, JULIE</subfield>
      <subfield code="e">author</subfield>
   </datafield>
   <datafield ind2=" " ind1=" " tag="720">
      <subfield code="a">Ho, Rosemary</subfield>
      <subfield code="e">author</subfield>
   </datafield>
   <datafield ind2=" " ind1=" " tag="720">
      <subfield code="a">Escolà-Vergé, Laura</subfield>
      <subfield code="e">author</subfield>
   </datafield>
   <datafield ind2=" " ind1=" " tag="720">
      <subfield code="a">Rodríguez Pardo, Ma Dolores</subfield>
      <subfield code="e">author</subfield>
   </datafield>
   <datafield ind2=" " ind1=" " tag="260">
      <subfield code="c">2025-03-11T10:57:06Z</subfield>
   </datafield>
   <datafield ind2=" " ind1=" " tag="260">
      <subfield code="c">2025-03-11T10:57:06Z</subfield>
   </datafield>
   <datafield ind2=" " ind1=" " tag="260">
      <subfield code="c">2024</subfield>
   </datafield>
   <datafield ind2=" " ind1=" " tag="260">
      <subfield code="c">2025-02-15</subfield>
   </datafield>
   <datafield ind2=" " ind1=" " tag="520">
      <subfield code="a">Candida spp; Echinocandins; Prosthetic joint infection</subfield>
   </datafield>
   <datafield ind2=" " ind1=" " tag="520">
      <subfield code="a">Candida spp; Equinocandines; Infecció de pròtesi articular</subfield>
   </datafield>
   <datafield ind2=" " ind1=" " tag="520">
      <subfield code="a">Candida spp; Equinocandinas; Infección de prótesis articular</subfield>
   </datafield>
   <datafield ind2=" " ind1=" " tag="520">
      <subfield code="a">Background&#xd;
Prosthetic joint infection (PJI) caused by Candida spp is a severe complication of arthroplasty. We investigated the outcomes of Candida PJI.&#xd;
Methods&#xd;
This was a retrospective observational multinational study including patients diagnosed with Candida-related PJI between 2010 and 2021. Treatment outcome was assessed at 2-year follow-up.&#xd;
Results&#xd;
A total of 269 patients were analyzed. Median age was 73.0 (interquartile range [IQR], 64.0–79.0) years; 46.5% of patients were male and 10.8% were immunosuppressed. Main infection sites were hip (53.0%) and knee (43.1%), and 33.8% patients had fistulas. Surgical procedures included debridement, antibiotics, and implant retention (DAIR) (35.7%), 1-stage exchange (28.3%), and 2-stage exchange (29.0%). Candida spp identified were Candida albicans (55.8%), Candida parapsilosis (29.4%), Candida glabrata (7.8%), and Candida tropicalis (5.6%). Coinfection with bacteria was found in 51.3% of cases. The primary antifungal agents prescribed were azoles (75.8%) and echinocandins (30.9%), administered for a median of 92.0 (IQR, 54.5–181.3) days. Cure was observed in 156 of 269 (58.0%) cases. Treatment failure was associated with age >70 years (OR, 1.811 [95% confidence interval {CI}: 1.079–3.072]), and the use of DAIR (OR, 1.946 [95% CI: 1.157–3.285]). Candida parapsilosis infection was associated with better outcome (OR, 0.546 [95% CI: .305–.958]). Cure rates were significantly different between DAIR versus 1-stage exchange (46.9% vs 67.1%, P = .008) and DAIR versus 2-stage exchange (46.9% vs 69.2%, P = .003), but there was no difference comparing 1- to 2-stage exchanges (P = .777).&#xd;
Conclusions&#xd;
Candida PJI prognosis seems poor, with high rate of failure, which does not appear to be linked to immunosuppression, use of azoles, or treatment duration.</subfield>
   </datafield>
   <datafield ind1="8" ind2=" " tag="024">
      <subfield code="a">http://hdl.handle.net/11351/12741</subfield>
   </datafield>
   <datafield tag="653" ind2=" " ind1=" ">
      <subfield code="a">Avaluació de resultats (Assistència sanitària)</subfield>
   </datafield>
   <datafield tag="653" ind2=" " ind1=" ">
      <subfield code="a">Articulacions artificials</subfield>
   </datafield>
   <datafield tag="653" ind2=" " ind1=" ">
      <subfield code="a">Candidiasi</subfield>
   </datafield>
   <datafield tag="653" ind2=" " ind1=" ">
      <subfield code="a">Medicaments antifúngics - Ús terapèutic</subfield>
   </datafield>
   <datafield tag="653" ind2=" " ind1=" ">
      <subfield code="a">DISEASES::Bacterial Infections and Mycoses::Infection::Prosthesis-Related Infections</subfield>
   </datafield>
   <datafield tag="653" ind2=" " ind1=" ">
      <subfield code="a">CHEMICALS AND DRUGS::Chemical Actions and Uses::Pharmacologic Actions::Therapeutic Uses::Anti-Infective Agents::Antifungal Agents</subfield>
   </datafield>
   <datafield tag="653" ind2=" " ind1=" ">
      <subfield code="a">Other subheadings::Other subheadings::/therapeutic use</subfield>
   </datafield>
   <datafield tag="653" ind2=" " ind1=" ">
      <subfield code="a">ORGANISMS::Eukaryota::Fungi::Ascomycota::Saccharomycetales::Candida</subfield>
   </datafield>
   <datafield tag="653" ind2=" " ind1=" ">
      <subfield code="a">ANALYTICAL, DIAGNOSTIC AND THERAPEUTIC TECHNIQUES, AND EQUIPMENT::Surgical Procedures, Operative::Debridement</subfield>
   </datafield>
   <datafield tag="653" ind2=" " ind1=" ">
      <subfield code="a">ANALYTICAL, DIAGNOSTIC AND THERAPEUTIC TECHNIQUES, AND EQUIPMENT::Diagnosis::Prognosis::Treatment Outcome</subfield>
   </datafield>
   <datafield tag="653" ind2=" " ind1=" ">
      <subfield code="a">ENFERMEDADES::infecciones bacterianas y micosis::infección::infecciones relacionadas con prótesis</subfield>
   </datafield>
   <datafield tag="653" ind2=" " ind1=" ">
      <subfield code="a">COMPUESTOS QUÍMICOS Y DROGAS::acciones y usos químicos::acciones farmacológicas::usos terapéuticos::antiinfecciosos::antifúngicos</subfield>
   </datafield>
   <datafield tag="653" ind2=" " ind1=" ">
      <subfield code="a">Otros calificadores::Otros calificadores::/uso terapéutico</subfield>
   </datafield>
   <datafield tag="653" ind2=" " ind1=" ">
      <subfield code="a">ORGANISMOS::Eukaryota::hongos::Ascomycota::Saccharomycetales::Candida</subfield>
   </datafield>
   <datafield tag="653" ind2=" " ind1=" ">
      <subfield code="a">TÉCNICAS Y EQUIPOS ANALÍTICOS, DIAGNÓSTICOS Y TERAPÉUTICOS::intervenciones quirúrgicas::desbridamiento</subfield>
   </datafield>
   <datafield tag="653" ind2=" " ind1=" ">
      <subfield code="a">TÉCNICAS Y EQUIPOS ANALÍTICOS, DIAGNÓSTICOS Y TERAPÉUTICOS::diagnóstico::pronóstico::resultado del tratamiento</subfield>
   </datafield>
   <datafield ind2="0" ind1="0" tag="245">
      <subfield code="a">Prosthetic Joint Infections due to Candida Species: A Multicenter International Study</subfield>
   </datafield>
</record></metadata></record></GetRecord></OAI-PMH>